Kĩ thuật truyền số liệu

Gespeichert in:
Bibliographische Detailangaben
1. Verfasser: Nguyễn Hồng Sơn
Format: Buch
Sprache:Vietnamese
Veröffentlicht: Lao động xã hội 2005
Tags: Tag hinzufügen
Keine Tags, Fügen Sie den ersten Tag hinzu!
Thư viện lưu trữ: Mạng thư viện Đại học Đà Nẵng
LEADER 00632nam a2200277 4500
001 000025466
003 1037
005 20150325120000.0
008 150325s vm 000 vie
020 |c 0,0000 
040 |a D2 
100 |a Nguyễn Hồng Sơn 
245 |a Kĩ thuật truyền số liệu 
260 |b Lao động xã hội  |c 2005 
300 |a 202tr. ; 
OWN |a LTT 
999 |a From the UDN01 
TYP |a Monograph 
TYP |a Printed language 
980 |a Mạng thư viện Đại học Đà Nẵng